Получение меченных технецием-99м наноколлоидов на основе производных комплексонов ДТПА; Ядерно-физические технологии в клинической и экспериментальной медицине: состояние, проблемы, перспективы

Dettagli Bibliografici
Parent link:Ядерно-физические технологии в клинической и экспериментальной медицине: состояние, проблемы, перспективы.— 2013.— [С. 61-63]
Enti autori: Национальный исследовательский Томский политехнический университет (ТПУ) Институт физики высоких технологий (ИФВТ) Кафедра биотехнологии и органической химии (БИОХ), Национальный исследовательский Томский политехнический университет (ТПУ) Физико-технический институт (ФТИ) Кафедра прикладной физики (№ 12) (ПФ)
Altri autori: Стасюк Е. С. Елена Сергеевна, Садкин В. Л. Владимир Леонидович, Рогов А. С. Александр Сергеевич, Варламова Н. В. Наталья Валерьевна, Нестеров Е. А. Евгений Александрович, Белянин М. Л. Максим Львович, Скуридин В. С. Виктор Сергеевич
Riassunto:Заглавие с титульного листа.
Lingua:russo
Pubblicazione: 2013
Serie:Методы и технологии получения радиофармпрепаратов
Soggetti:
Accesso online:http://www.lib.tpu.ru/fulltext/c/2013/C61/015.pdf
Natura: MixedMaterials Elettronico Capitolo di libro
KOHA link:https://koha.lib.tpu.ru/cgi-bin/koha/opac-detail.pl?biblionumber=605850

MARC

LEADER 00000naa2a2200000 4500
001 605850
005 20250825102229.0
035 |a (RuTPU)RU\TPU\conf\3194 
035 |a RU\TPU\conf\3192 
090 |a 605850 
100 |a 20140506d2013 k y0rusy50 ca 
101 0 |a rus 
102 |a RU 
105 |a a z 100zy 
135 |a drcn ---uucaa 
181 0 |a i  
182 0 |a b 
200 1 |a Получение меченных технецием-99м наноколлоидов на основе производных комплексонов ДТПА  |f Е. С. Стасюк [и др.] 
203 |a Текст  |c электронный 
215 |a 1 файл (264 Кб) 
225 1 |a Методы и технологии получения радиофармпрепаратов 
300 |a Заглавие с титульного листа. 
337 |a Adobe Reader 
463 1 |0 (RuTPU)RU\TPU\conf\2721  |t Ядерно-физические технологии в клинической и экспериментальной медицине: состояние, проблемы, перспективы  |o материалы Международной школы-конференции, г. Томск, 3-7 июня 2013 г.  |f Национальный исследовательский Томский политехнический университет (ТПУ)  |v [С. 61-63]  |d 2013 
610 1 |a труды учёных ТПУ 
610 1 |a электронный ресурс 
610 1 |a технеций-99м 
610 1 |a наноколлоиды 
610 1 |a комплексы 
610 1 |a нанодисперсные системы 
610 1 |a коллоиды 
610 1 |a гидрофобные взаимодействия 
701 1 |a Стасюк  |b Е. С.  |c специалист в области атомной энергетики  |c научный сотрудник Томского политехнического университета, кандидат технических наук  |f 1978-  |g Елена Сергеевна  |3 (RuTPU)RU\TPU\pers\27552  |9 12756 
701 1 |a Садкин  |b В. Л.  |c физик  |c младший научный сотрудник Томского политехнического университета, кандидат технических наук  |f 1986-  |g Владимир Леонидович  |3 (RuTPU)RU\TPU\pers\31553  |9 15713 
701 1 |a Рогов  |b А. С.  |c радиохимик  |c аспирант, инженер Томского политехнического университета  |f 1986-  |g Александр Сергеевич  |3 (RuTPU)RU\TPU\pers\29744 
701 1 |a Варламова  |b Н. В.  |c специалист в области радиохимии, фармакологии  |c научный сотрудник Томского политехнического университета, кандидат биологических наук  |f 1975-  |g Наталья Валерьевна  |3 (RuTPU)RU\TPU\pers\29637 
701 1 |a Нестеров  |b Е. А.  |c физик, специалист в области атомной энергетики  |c научный сотрудник Томского политехнического университета  |f 1976-  |g Евгений Александрович  |3 (RuTPU)RU\TPU\pers\30198  |9 14592 
701 1 |a Белянин  |b М. Л.  |c химик-органик  |c доцент Томского политехнического университета, кандидат химических наук  |f 1973-  |g Максим Львович  |3 (RuTPU)RU\TPU\pers\29200  |9 13807 
701 1 |a Скуридин  |b В. С.  |c физик, специалист в области атомной энергетики  |c профессор Томского политехнического университета, доктор технических наук  |f 1946-  |g Виктор Сергеевич  |3 (RuTPU)RU\TPU\pers\27551  |9 12755 
712 0 2 |a Национальный исследовательский Томский политехнический университет (ТПУ)  |b Институт физики высоких технологий (ИФВТ)  |b Кафедра биотехнологии и органической химии (БИОХ)  |3 (RuTPU)RU\TPU\col\18693 
712 0 2 |a Национальный исследовательский Томский политехнический университет (ТПУ)  |b Физико-технический институт (ФТИ)  |b Кафедра прикладной физики (№ 12) (ПФ)  |3 (RuTPU)RU\TPU\col\18729 
801 2 |a RU  |b 63413507  |c 20140506  |g RCR 
856 4 |u http://www.lib.tpu.ru/fulltext/c/2013/C61/015.pdf 
942 |c BK